| 000 | 00607nam a2200157Ia 4500 | ||
|---|---|---|---|
| 008 | 090124s9999 xx 000 0 und d | ||
| 082 |
_b23839 _a570 |
||
| 245 | _a स्वयंपुरोहित : वेदोक्त आणि पुराणोक्त | ||
| 250 | _a1 | ||
| 260 | _c1983 | ||
| 300 | _a307 | ||
| 630 | _a स्वयंपुरोहित : वेदोक्त आणि पुराणोक्त | ||
| 700 | _aबापट वामन | ||
| 730 | _a स्वयंपुरोहित : वेदोक्त आणि पुराणोक्त | ||
| 942 | _cBOOK | ||
| 999 |
_c137426 _d137426 |
||